000 00892cam a22003017a 4500
003 CHAP
005 20220817044522.0
008 120503s1992 it rn 00010 eng d
010 _a103122
011 _a104094
035 _a114783
040 _cCHAP
082 0 4 _a633.1
_bF32 1991-92
110 2 _aFAO
245 1 0 _aCereal policies review 1991-92
_c/por FAO
260 _aRome :
_bFAO,
_c1992
300 _aii, 52 p.
590 _aBATCH-UPD
_b10
_c20130110
_lUCH01
_h1249
590 _aBATCH-UPD
_b10
_c20130410
_lUCH01
_h0811
590 _aBATCH-UPD
_b10
_c20130914
_lUCH01
_h0916
590 _aCONVERSION
_b10
_c20130109
_lUCH01
_h1357
650 1 4 _aCereales.
_921370
650 1 4 _aPolítica alimentaria.
_990389
650 1 4 _aPolítica cerealera.
_990456
901 _aBK
942 _cLIBRO
949 _a633.1 F32y 1991-92
_bBC
_cFAO
_d33724002329306
_eFAO1
_gDonaciØn
_h118558
_i114783
_sb
999 _c103122
_d103122